[Event "shieldshockerwot 12:18"]
[Site "http://www.queenalice.com/game.php?id=1843997"]
[Date "2024.9.19"]
[Round "-"]
[White "zubarev"]
[Black "princesher"]
[Result "1-0"]
[WhiteElo "1818"]
[BlackElo "2044"]

1. d4 d5 2. Nc3 e6 3. Nf3 Bb4 4. Bd2 Bxc3 5. Bxc3 Nd7 6. e3 a6 7. Bd3 h6 8. O-O
Ne7 9. Ne5 Nxe5 10. dxe5 b5 11. a3 Bb7 12. f4 g6 13. Bb4 Nc8 14. Qe1 Nb6 15. Rc1
Nd7 16. Bd2 c5 17. c3 c4 18. Bc2 a5 19. b3 cxb3 20. Bxb3 a4 21. Bc2 Ba6 22. Rf2
Nb6 23. Rb1 Nc4 24. Bc1 Qc7 25. Bd3 Na5 26. Bxb5+ Bxb5 27. Rxb5 Nb3 28. Bb2 Nc5
29. Rf3 Nd3 30. Qe2 Nc5 31. c4 dxc4 32. Qxc4 Ra5 33. Bc3 Rxb5 34. Qxb5+ Nd7 35.
Ba5 Qc1+ 36. Kf2 Qxa3 37. Bb4 Qb2+ 38. Kg3 Qc2 39. Qb7 Kd8 40. Qa8+ Qc8 41. Qxa4
Ke8 42. Rf2 f5 43. Rc2 Qb7 44. Bd6 h5 45. Rc7 h4+ 46. Kh3 Qxc7 47. Bxc7 Rh7 48.
Qa8+ Kf7 49. Bd6 Kg7 50. Qd8 Kh6 51. Be7 Nxe5 52. fxe5 Kh5 53. Qf8 g5 54. g3 g4+
55. Kg2 h3+ 56. Kf2 Kg6 57. Qf6+ Kh5 58. Qg5# 1-0